TOP 10 X 3 : villes les plus dangereuses dans le monde - Statistiques

Statistiques générales
  • Ce quiz a été pris 172 fois
  • Le résultat moyen est 10 sur 30
Statistiques - réponses
Rank % Correct
7. Rio de Janeiro
73%
7. Rio de Janeiro
73%
4. Bagdad
63%
8. Bagdad
63%
10. Caracas
55%
1. Caracas
55%
3. Caracas
55%
3. Kaboul
51%
4. Kaboul
51%
8. Le Cap
47%
9. Le Cap
47%
6. Le Cap
47%
2. Karachi
34%
3. San Salvador
25%
5. Guatemala
23%
6. Guatemala
22%
10. Mogadiscio
22%
10. Cali
21%
6. Tegucigalpa, Central District
20%
9. Juarez
16%
9. Juarez
16%
5. Acapulco
13%
4. Acapulco
13%
2. Acapulco
13%
1. San Pedro Sula
13%
2. San Pedro Sula
13%
1. San Pedro Sula
13%
7. Valencia, Venezuela
4%
5. Maturin
2%
8. Palmira
1%
Aucun quiz correspondant
Distribution des résultats
% des personnes avec chaque résultat
Percentile par nombre de réponses
Votre historique - résultats
Vous n’avez pas pris ce quiz